Pick the Asian Cuisines Quiz Stats

 Plays Quiz Updated Jan 6, 2018

Challenge
Share
Tweet
Embed
Score 0/28 Timer 05:00
3 Plays Today
Question Answer Wrong Answers
Sushi Japanese
94.2%
Chinese
1.5%
Korean
0.3%
Indian
0.3%
Chow Mein Chinese
93.5%
Japanese
1.1%
Korean
0.9%
Indian
0.3%
Kung Pao chicken Chinese
91.5%
Japanese
1.5%
Korean
2.6%
Indian
0.5%
Wonton Chinese
88.1%
Japanese
5.9%
Korean
1.5%
Indian
0.5%
Baati Indian
88%
Chinese
1.7%
Japanese
1.9%
Korean
4.3%
Chaat Indian
85.1%
Chinese
2.9%
Japanese
1.7%
Korean
6.2%
Onigiri Japanese
84.1%
Chinese
2.7%
Korean
5.9%
Indian
3.1%
Teriyaki Japanese
83.3%
Chinese
9.9%
Korean
1.6%
Indian
1.3%
Tandoori chicken Indian
83%
Chinese
6.9%
Japanese
3.9%
Korean
2.2%
Sambar Indian
78.1%
Chinese
3.6%
Japanese
4.5%
Korean
9.4%
Hayashi rice Japanese
77.7%
Chinese
7.5%
Korean
6.5%
Indian
4%
Gyeran-ppang Korean
73.8%
Chinese
6.4%
Japanese
4.3%
Indian
11%
Aloo gobi Indian
71.7%
Chinese
4.7%
Japanese
4.4%
Korean
15%
Mochi Japanese
71.5%
Chinese
7.1%
Korean
10.8%
Indian
6.7%
Samgyeopsal Korean
70.2%
Chinese
3.1%
Japanese
4.6%
Indian
17.7%
Bulgogi Korean
66.3%
Chinese
3.7%
Japanese
8.2%
Indian
17.6%
Tea egg Chinese
65.6%
Japanese
19%
Korean
7.7%
Indian
3.5%
Mu Saengchae Korean
63.2%
Chinese
23.7%
Japanese
5.9%
Indian
2.8%
Andong jjimdak Korean
60.6%
Chinese
5.4%
Japanese
3.1%
Indian
26.9%
Galbitang Korean
57.5%
Chinese
8.8%
Japanese
5.1%
Indian
24.4%
Mooncake Chinese
56.7%
Japanese
20.2%
Korean
13.6%
Indian
5.4%
Imarti Indian
54.9%
Chinese
4.1%
Japanese
22.9%
Korean
13.6%
Char siu Chinese
54.8%
Japanese
9.9%
Korean
22.5%
Indian
8.5%
Sinseollo Korean
51.8%
Chinese
9.2%
Japanese
17.2%
Indian
17.3%
Bonda Indian
47%
Chinese
6.8%
Japanese
19.5%
Korean
22.4%
Gyūdon Japanese
43.9%
Chinese
9.1%
Korean
37%
Indian
5.8%
Lamian Chinese
25.1%
Japanese
7.6%
Korean
23.4%
Indian
39.5%
Anpan Japanese
24.3%
Chinese
12.9%
Korean
24.3%
Indian
34.1%

You're not logged in!

Compare scores with friends on all Sporcle quizzes.
OR
Log In

You Might Also Like...

Show Comments

Extras

Top Quizzes Today


Score Distribution

Your Account Isn't Verified!

In order to create a playlist on Sporcle, you need to verify the email address you used during registration. Go to your Sporcle Settings to finish the process.

Report this User

Report this user for behavior that violates our Community Guidelines.

Details: